<?xml version="1.0" encoding="UTF-8"?>
<marc:record xmlns:marc="http://www.loc.gov/MARC21/slim">
   <marc:leader>00000nam a2200000 a 4500</marc:leader>
   <marc:datafield ind1="1" ind2=" " tag="100">
      <marc:subfield code="a">Saunders, Adelia</marc:subfield>
      <marc:subfield code="4">aut</marc:subfield>
      <marc:subfield code="e">Verfasser/-in</marc:subfield>
   </marc:datafield>
   <marc:datafield ind1="0" ind2="0" tag="245">
      <marc:subfield code="a">Die Worte, die das Leben schreibt</marc:subfield>
   </marc:datafield>
   <marc:datafield ind1="0" ind2="0" tag="245">
      <marc:subfield code="b">Roman</marc:subfield>
   </marc:datafield>
   <marc:datafield ind1="0" ind2="0" tag="245">
      <marc:subfield code="c">Adelia Saunders ; aus dem Englischen übersetzt von Jörn Ingwersen</marc:subfield>
   </marc:datafield>
   <marc:datafield ind1=" " ind2="1" tag="264">
      <marc:subfield code="a">München</marc:subfield>
      <marc:subfield code="b">Wunderraum</marc:subfield>
      <marc:subfield code="c">2017</marc:subfield>
   </marc:datafield>
   <marc:datafield ind1=" " ind2=" " tag="250">
      <marc:subfield code="a">1. Auflage</marc:subfield>
   </marc:datafield>
   <marc:datafield ind1="1" ind2=" " tag="520">
      <marc:subfield code="a">Magdalena hat eine eigentümliche Gabe. Die junge Frau kann die Geschichten fremder Menschen auf deren Haut lesen: Wie bei einem Tattoo, das nur sie sehen kann, erscheinen ihr Namen, Ereignisse, banale und tragische Details &#x96; Botschaften, die das Leben selbst mit Geheimtinte notiert zu haben scheint. Als sie in Paris einem amerikanischen Studenten begegnet, erkennt sie ihren eigenen Namen auf dessen Wange. Aber welche Rolle sollte sie im Schicksal von Neil spielen? Oder in dem von dessen Vater? Eine rätselhafte Geschichte verbindet das Leben dieser drei Menschen &#x96; und die Liebe. Denn Neil ist von der jungen Frau mit den hellen Augen ganz hingerissen.</marc:subfield>
   </marc:datafield>
   <marc:datafield ind1=" " ind2=" " tag="020">
      <marc:subfield code="a">9783336547937</marc:subfield>
      <marc:subfield code="9">9783336547937</marc:subfield>
   </marc:datafield>
   <marc:datafield ind1=" " ind2=" " tag="020">
      <marc:subfield code="a">3336547938</marc:subfield>
      <marc:subfield code="9">3336547938</marc:subfield>
   </marc:datafield>
   <marc:datafield ind1=" " ind2=" " tag="041">
      <marc:subfield code="a">ger</marc:subfield>
   </marc:datafield>
   <marc:datafield ind1=" " ind2=" " tag="300">
      <marc:subfield code="a">412 Seiten</marc:subfield>
   </marc:datafield>
</marc:record>
